| 000 | 00736nam a2200277 a 4500 | ||
|---|---|---|---|
| 003 | AR-BaBNM | ||
| 005 | 20251128202930.0 | ||
| 008 | 082120s2002 ||||||||||||||000 | spa|| | ||
| 040 | _cAR-BaBNM | ||
| 100 | 1 | _aNewton, Jorge | |
| 245 | 0 | 0 |
_aFrancisco RamÃrez _bel supremo entrerriano |
| 260 |
_aBuenos Aires _bPlus Ultra _c1964 |
||
| 300 | _a281 p. | ||
| 490 | 0 | _aLos caudillos argentinos | |
| 650 | 4 | _aHISTORIA ARGENTINA | |
| 650 | 4 | _aBIOGRAFIAS | |
| 650 | 4 | _aCAUDILLOS ARGENTINOS | |
| 650 | 4 | _aMONTONERAS | |
| 650 | 4 | _aGUERRAS CIVILES ARGENTINAS | |
| 650 | 4 | _aREVOLUCION DE MAYO | |
| 650 | 4 | _aHISTORIA ENTRERRIANA | |
| 650 | 4 | _aGUERRAS DE LA INDEPENDENCIA | |
| 655 | _aBIOGRAFIAS | ||
| 942 | _cBK | ||
| 998 | _cEnrique | ||
| 999 |
_c1205 _d1205 |
||